000 00430nam a2200157 i 4500
001 42408
003 ES-MaACL
005 20230906160614.0
007 t|
008 030313s1960 xxu ||||1| spa d
100 1 _aCastrillo, Primo.
_936815
245 1 0 _aRaiz y tiempo /
_cPrimo Castrillo.
260 _aNew York :
_b[s.n.,
_c1960] (
_fImp. Spanish American)
300 _a141 p. ;
_c25 cm.
852 _aES-MaACL
_jF-6303
_bR.49157
999 _c42408
_d42408